ARRUPE JESUIT UNIVERSITY

CORONAVIRUS -STOP THE SPREAD - CLEAN,DISINFECT,COVER

The heart of the soul (Record no. 122889)

MARC details
000 -LEADER
fixed length control field 00573nam a22001817a 4500
008 - FIXED-LENGTH DATA ELEMENTS--GENERAL INFORMATION
fixed length control field 150713b xxu||||| |||| 00| 0 eng d
020 ## - INTERNATIONAL STANDARD BOOK NUMBER
International Standard Book Number 9780743220682
050 ## - LIBRARY OF CONGRESS CALL NUMBER
Classification number BP605.N48Z854 2001
100 ## - MAIN ENTRY--PERSONAL NAME
Personal name Zukav Gary
9 (RLIN) 18008
245 ## - TITLE STATEMENT
Title The heart of the soul
Statement of responsibility, etc /by Gary Zukav and Linda Francis
260 ## - PUBLICATION, DISTRIBUTION, ETC. (IMPRINT)
Place of publication, distribution, etc London
Name of publisher, distributor, etc Simon and Schuster
Date of publication, distribution, etc 2001
300 ## - PHYSICAL DESCRIPTION
Extent 301p. ;
Dimensions 24cm.
650 ## - SUBJECT ADDED ENTRY--TOPICAL TERM
Topical term or geographic name as entry element New age movement
9 (RLIN) 8779
650 ## - SUBJECT ADDED ENTRY--TOPICAL TERM
Topical term or geographic name as entry element Spiritual life
General subdivision New age movement
9 (RLIN) 18009
650 ## - SUBJECT ADDED ENTRY--TOPICAL TERM
Topical term or geographic name as entry element Meditations
9 (RLIN) 18010
700 ## - ADDED ENTRY--PERSONAL NAME
Personal name Linda Francis (jt.au.)
9 (RLIN) 18011
942 ## - ADDED ENTRY ELEMENTS (KOHA)
Source of classification or shelving scheme Library of Congress Classification
Item type Monograph ( Printed materials)
Holdings
Withdrawn status Lost status Source of classification or shelving scheme Damaged status Not for loan Home library Current library Date acquired Total Checkouts Full call number Barcode Date last seen Price effective from Koha item type
    Library of Congress Classification     ARRUPE LIBRARY ARRUPE LIBRARY 13/07/2015   BP605.N48Z854 2001 464122409 15/11/2016 13/07/2015 Monograph ( Printed materials)

 

Arrupe Library. PO Box MP320 Mt Pleasant, Harare, Zimbabwe
263 242 745411|librarian@aju.ac.zw